000 00607nam a2200205Ii 4500
001 10650
003 CO-ViMGA
008 241108s9999||||xx |||||||||||||| ||und||
040 _aCO-ViMGA
_bspa
_erda
_cCO-ViMGA
041 0 _aunk
082 0 4 _a860-G216
100 1 _aJ García Mercadal
_955147
245 1 0 _aHistoria del romanticismo en España
264 1 _a[Lugar de publicación no identificado] : Labor, 1943
300 _avolumen
336 _atext
_btxt
_2rdacontent
337 _aunmediated
_bn
_2rdamedia
338 _avolume
_bnc
_2rdacarrier
940 _aidficha_siabuc: 10395. -- ficha_no_siabuc:10650
999 _c52565
_d52565